LEADER 01089nam0-2200361---450- 001 990008258370403321 005 20101115094919.0 010 $a88-464-6570-9 035 $a000825837 035 $aFED01000825837 035 $a(Aleph)000825837FED01 035 $a000825837 100 $a20060118d2005----km-y0itay50------ba 101 0 $aita 102 $aIT 105 $ay-------001yy 200 1 $aMultietnicità, pregiudizi, intercultura$enuovi scenari e problematiche per le istituzioni formative$fVerena D'Alessandro, Monica Sciarra 210 $aMilano$cAngeli$d2005 215 $a183 p.$d23 cm 225 1 $aCollana di sociologia$v498 610 0 $aIntercultura 676 $a370.117$v21$zita 700 1$aD'Alessandro,$bVerena$0144061 701 1$aSciarra,$bMonica$0290541 801 0$aIT$bUNINA$c20060118$gRICA$2UNIMARC 901 $aBK 912 $a990008258370403321 952 $aP.1 A 137$bBibl. 52321$fFLFBC 952 $aL D 3$b1079$fNAP12 959 $aFLFBC 959 $aNAP12 996 $aMultietnicità, pregiudizi, intercultura$9741977 997 $aUNINA LEADER 02262nam 2200481 450 001 9910716908503321 005 20220207155719.0 035 $a(CKB)5470000002527115 035 $a(OCoLC)1295467822 035 $a(EXLCZ)995470000002527115 100 $a20220207d2021 ua 0 101 0 $aeng 135 $aur||||||||||| 181 $ctxt$2rdacontent 182 $cc$2rdamedia 183 $acr$2rdacarrier 200 10$aSimulation of groundwater budgets and travel times for watersheds on the north shore of Long Island Sound, with implications for nitrogen-transport studies /$fby Janet R. Barclay and John R. Mullaney 210 1$aReston, Virginia :$cU.S. Department of the Interior, U.S. Geological Survey,$d2021. 215 $a1 online resource (x, 84 pages) $cillustrations (chiefly color), color maps 225 1 $aScientific investigations report,$x2328-0328 ;$v2021-5116 300 $a"Prepared in cooperation with the United States Environmental Protection Agency's Long Island Sound Study and the Connecticut Department of Energy and Environmental Protection." 320 $aIncludes bibliographical references. 606 $aGroundwater$zLong Island Sound (N.Y. and Conn.) 606 $aGroundwater flow$zLong Island Sound (N.Y. and Conn.)$xMathematical models 606 $aGroundwater flow$zLong Island Sound (N.Y. and Conn.)$xObservations 606 $aWater$xNitrogen content$zLong Island Sound (N.Y. and Conn.) 606 $aHydrologic models$zLong Island Sound (N.Y. and Conn.) 615 0$aGroundwater 615 0$aGroundwater flow$xMathematical models. 615 0$aGroundwater flow$xObservations. 615 0$aWater$xNitrogen content 615 0$aHydrologic models 700 $aBarclay$b Janet R.$01416733 702 $aMullaney$b John R. 712 02$aGeological Survey (U.S.), 712 02$aLong Island Sound Study (Organization) 712 02$aConnecticut.$bDepartment of Energy and Environmental Protection. 801 0$bGPO 801 1$bGPO 906 $aBOOK 912 $a9910716908503321 996 $aSimulation of groundwater budgets and travel times for watersheds on the north shore of Long Island Sound, with implications for nitrogen-transport studies$93523007 997 $aUNINA